000 01287nam a2200253 i 4500
001 164859
003 ES-MaACL
005 20251015063146.0
008 990628s1848 fr |||| |dfre d
040 _aCCPB | B
_bspa
_cCCPB | B
100 1 _aSay, Jean Baptiste,
_d1767-1832
_9132518
245 1 0 _aOeuvres diverses de J.-B. Say, contenant
_b: Catéchisme d'économie politique, Fragments et opuscules inédits, Correspondance générale, Olbie, Petit volume, Mélanges de morale et de littérature /
_cprécédées d'une notice historique sur la vie et les travaux de l'auteur, avec des notes, par Ch. Comte, E. Daire et Horace Say.
260 _aParis :
_bGuillaumin,
_c1848.
300 _aXVIII, 748 p. ;
_c25 cm.
505 8 _aContiene: Première partie. Mélanges d'économie politique : Catéchisme d'économie politique (P. 1-130) ; Fragments et opuscules inédits (P. 131-357). Seconde Partie. Correspondance (P. 358-577). Troisième partie (P. 578-739)
597 _aCada parte, con antep. propia.
650 7 _aEconomía
_2embne
_912006
650 7 _aÉtica
_2embne
_912577
700 0 _aComte, Charles.
_940058
700 0 _aSay, Horace.
_9132517
700 0 _aDaire, Eugene.
_942459
852 _aES-MaACL
_jF-4951
_z-- Enc. hol.
999 _c164859
_d164859